000 00411nam a2200169Ia 4500
008 230718s9999 xx 000 0 und d
041 _aeng
082 _a629.2'77
_bDWI
100 _aDwiggins B.H.
_9155183
245 _aAutomotive Air Conditioning
250 _a4th ed.
260 _c1978
_bDelmar Publishers Inc.
300 _a408
365 _cRs.
700 _aDwiggins B.H.
_9155183
906 _cMECH
999 _c303602
_d303602